Reader's digest condensed books / (Record no. 135995)

MARC details
000 -LEADER
fixed length control field 00613nam a22002177a 4500
005 - DATE AND TIME OF LATEST TRANSACTION
control field 20170124110253.0
010 ## - LIBRARY OF CONGRESS CONTROL NUMBER
LC control number A-024184
020 ## - INTERNATIONAL STANDARD BOOK NUMBER
Terms of availability 00.00
035 ## - SYSTEM CONTROL NUMBER
System control number A-024184
037 ## - SOURCE OF ACQUISITION
Source of stock number/acquisition Cen Lib/Ret
040 ## - CATALOGING SOURCE
Original cataloging agency DPL
Language of cataloging EN
082 ## - DEWEY DECIMAL CLASSIFICATION NUMBER
Classification number 082
Item number REA
245 ## - TITLE STATEMENT
Title Reader's digest condensed books /
246 ## - VARYING FORM OF TITLE
Remainder of title
260 ## - PUBLICATION, DISTRIBUTION, ETC. (IMPRINT)
Place of publication, distribution, etc London
Name of publisher, distributor, etc The Reader's Digest Associations
Date of publication, distribution, etc [s.n.]
270 ## - ADDRESS
City London
Address 25, Berkeley square
300 ## - PHYSICAL DESCRIPTION
Extent 503p. :
Dimensions 17cm(Hb)
Other physical details ill.
650 ## - SUBJECT ADDED ENTRY--TOPICAL TERM
Topical term or geographic name as entry element Yers books -- Digest
9 (RLIN) 99992
650 ## - SUBJECT ADDED ENTRY--TOPICAL TERM
Topical term or geographic name as entry element World information -- Digest book
9 (RLIN) 99993
942 ## - ADDED ENTRY ELEMENTS (KOHA)
Source of classification or shelving scheme Dewey Decimal Classification
Koha item type English Books
Classification part 082
Call number suffix REA
Holdings
Withdrawn status Lost status Damaged status Not for loan Home library Current library Date acquired Source of acquisition Cost, normal purchase price Total Checkouts Full call number Barcode Date last seen Copy number Cost, replacement price Price effective from Koha item type
        Central Library Central Library 12/10/2015 Cen Lib/Ret 0.00   082 REA A-024184 12/10/2015 1 0.00 12/10/2015 English Books

© Delhi Public Library
Hit Counter
free hit counter